000 00654nam a2200241Ia 4500
003 OSt
005 20220928121356.0
006 a|||||r|||| 00| 0
007 ta
008 220927b |||||||| |||| 00| 0 eng d
024 _a70190
037 _cTextual
040 _aSDCL
_cSDCL
_beng
041 _2eng
_aeng
082 _aB214, P5
100 _aMoon Todd K
_9451712
245 0 _aError correction coding
_b Mathematical methods and algorithms.
260 _aNew Delhi
_bWiley Interscience
_c2005
300 _axii,756p
_ccm.
650 _aCoding Theory
942 _hB214, P5
_cTEXL
_2CC
999 _c765744
_d765744